<?xml version="1.0" encoding="UTF-8"?><?xml-stylesheet type="text/xsl" href="static/style.xsl"?><OAI-PMH xmlns="http://www.openarchives.org/OAI/2.0/" xmlns:xsi="http://www.w3.org/2001/XMLSchema-instance" xsi:schemaLocation="http://www.openarchives.org/OAI/2.0/ http://www.openarchives.org/OAI/2.0/OAI-PMH.xsd"><responseDate>2026-04-17T01:11:23Z</responseDate><request verb="GetRecord" identifier="oai:www.recercat.cat:2445/120017" metadataPrefix="marc">https://recercat.cat/oai/request</request><GetRecord><record><header><identifier>oai:recercat.cat:2445/120017</identifier><datestamp>2025-12-05T15:59:30Z</datestamp><setSpec>com_2072_1057</setSpec><setSpec>col_2072_478860</setSpec><setSpec>col_2072_478917</setSpec></header><metadata><record xmlns="http://www.loc.gov/MARC21/slim" xmlns:dcterms="http://purl.org/dc/terms/" xmlns:xsi="http://www.w3.org/2001/XMLSchema-instance" xmlns:doc="http://www.lyncode.com/xoai" xsi:schemaLocation="http://www.loc.gov/MARC21/slim http://www.loc.gov/standards/marcxml/schema/MARC21slim.xsd">
   <leader>00925njm 22002777a 4500</leader>
   <datafield ind2=" " ind1=" " tag="042">
      <subfield code="a">dc</subfield>
   </datafield>
   <datafield ind2=" " ind1=" " tag="720">
      <subfield code="a">Vidal Puértolas, Adela</subfield>
      <subfield code="e">author</subfield>
   </datafield>
   <datafield ind2=" " ind1=" " tag="720">
      <subfield code="a">Soler, Françoise</subfield>
      <subfield code="e">author</subfield>
   </datafield>
   <datafield ind2=" " ind1=" " tag="260">
      <subfield code="c">2018-02-20T10:33:30Z</subfield>
   </datafield>
   <datafield ind2=" " ind1=" " tag="260">
      <subfield code="c">2018-02-20T10:33:30Z</subfield>
   </datafield>
   <datafield ind2=" " ind1=" " tag="260">
      <subfield code="c">2002-01</subfield>
   </datafield>
   <datafield ind2=" " ind1=" " tag="520">
      <subfield code="a">La lactancia materna retrasa el retorno de la fecundidad al demorar la ovulación; cuando el lactante succiona, estimula la producción de la prolactina en la glándula pituitaria y, en muchos casos, ésta inhibe las hormonas (alteración de la secreción pulsátil de LH) que estimulan la maduración y la liberación de óvulos, generando como consecuencia amenorrea. Para suprimir completamente la estimu­lación ovular se requiere una lactancia completa o exclusiva. Hasta los 6 meses, la succión del bebé día y noche a intervalos frecuentes (no mayores de 6 horas}, sin otros complementos y acom­pañada de amenorrea, ofrecen un 98% de seguridad contraceptiva a las mujeres en sus post-partos. Es decir, sólo un 2 % de las muje­res que amamantan exclusivamente con leche materna estando amenorreicas quedan gestantes antes de que se reanuden sus menstruaciones en los primeros seis meses post-parto (MELA, Acuerdo internacional, Italia 1988). La duración de la amenorrea en la lactancia y el retorno de la ovu­lación depende de varios factores, entre los cuales cabe destacar: efecto de la lactancia (succión a demanda); introducción de suple­mentos alimentarios al bebé; idiosincrasia materna (existe un pa­trón biológico individual que determina la aparición o no de la menstruación en los post-partos, que en las mismas circunstancias se repite en cada lactancia).</subfield>
   </datafield>
   <datafield tag="653" ind2=" " ind1=" ">
      <subfield code="a">Control de la natalitat</subfield>
   </datafield>
   <datafield tag="653" ind2=" " ind1=" ">
      <subfield code="a">Alletament</subfield>
   </datafield>
   <datafield tag="653" ind2=" " ind1=" ">
      <subfield code="a">Puerperi</subfield>
   </datafield>
   <datafield tag="653" ind2=" " ind1=" ">
      <subfield code="a">Birth control</subfield>
   </datafield>
   <datafield tag="653" ind2=" " ind1=" ">
      <subfield code="a">Breastfeeding</subfield>
   </datafield>
   <datafield tag="653" ind2=" " ind1=" ">
      <subfield code="a">Puerperium</subfield>
   </datafield>
   <datafield ind2="0" ind1="0" tag="245">
      <subfield code="a">Método de la lactancia amenorreica (MELA/LAM) o la contracepción natural en el postparto</subfield>
   </datafield>
</record></metadata></record></GetRecord></OAI-PMH>